Crime scene to court: The essentials of forensic science (Record no. 394441)
[ view plain ]
| 000 -LEADER | |
|---|---|
| fixed length control field | 00607 a2200217 4500 |
| 005 - DATE & TIME | |
| control field | 20260121163825.0 |
| 008 - FIXED-LENGTH DATA ELEMENTS--GENERAL INFORMATION | |
| fixed length control field | 260121b |||||||| |||| 00| 0 eng d |
| 020 ## - ISBN | |
| International Standard Book Number | 9781839168000 |
| Price | £ 45.99 |
| 040 ## - CATALOGING SOURCE | |
| Original cataloging agency | VIVEKANANDA LIBRARY |
| 082 ## - DDC NUMBER | |
| Classification number | 363.25 |
| Book Number | N513C(5) |
| 100 ## - MAIN ENTRY--PERSONAL NAME | |
| Personal name | NicDaeid, Niamh, ed. |
| 245 ## - TITLE STATEMENT | |
| Title | Crime scene to court: The essentials of forensic science |
| 250 ## - EDITION STATEMENT | |
| Edition statement | 5th |
| 260 ## - PUBLICATION, DISTRIBUTION, ETC. (IMPRINT) | |
| Name of publisher, distributor, etc | Royal Society of Chemistry |
| Date of publication, distribution, etc | 2024 |
| Place of publication, distribution, etc | Croydon |
| 300 ## - PHYSICAL DESCRIPTION | |
| Pages | xxii, 725 |
| 650 ## - Subject | |
| Subject | Forensic Science |
| 650 ## - Subject | |
| Subject | Criminal Investigation |
| 650 ## - Subject | |
| Subject | Crime Scene |
| 700 ## - Added Entry Personal Name | |
| Added Entry Personal Name | White, Pater C, ed. |
| 942 ## - ADDED ENTRY ELEMENTS (KOHA) | |
| Koha item type | Books |
| Withdrawn status | Lost status | Source of classification or shelving scheme | Damaged status | Not for loan | Location (home branch) | Sublocation or collection (holding branch) | Shelving location | Date acquired | Koha issues (times borrowed) | Koha full call number | Accession No. | Koha date last seen | Koha item type |
|---|---|---|---|---|---|---|---|---|---|---|---|---|---|
| Dewey Decimal Classification | VIVEKANANDA LIBRARY | VIVEKANANDA LIBRARY | Vivekananda Library | 06/01/2026 | 1 | 363.25 N513C(5) | 444187 | 06/02/2026 | Books |
